[Event "Southern Alberta op"]
[Site "Calgary"]
[Date "2002.11.16"]
[Round "3"]
[White "Ward, Kevin"]
[Black "Williams, Philip"]
[Result "1-0"]
[WhiteElo "1663"]
[BlackElo "1376"]
[PlyCount "83"]
[EventDate "2002.11.16"]
[EventType "swiss"]
[EventRounds "5"]
[EventCountry "CAN"]
[SourceTitle "EXT 2017"]
[Source "ChessBase"]
[SourceDate "2016.10.25"]
[SourceVersion "1"]
[SourceVersionDate "2016.10.25"]
[SourceQuality "1"]

1. f4 Nf6 2. Nf3 c5 3. b3 d5 4. e3 Nc6 5. Bb2 Nd7 6. c4 d4 7. exd4 cxd4 8. Nxd4 Nc5 9. Nxc6 bxc6 10. d4 Ne6 11. f5 Nxd4 12. Qxd4 Bxf5 13. Qxd8+ Rxd8 14. Nc3 e5 15. Rd1 Bd6 16. Be2 0-0 17. 0-0 Bc5+ 18. Kh1 Rd7 19. Rxf5 Rfd8 20. Rxd7 Rxd7 21. Ne4 Bd4 22. Bxd4 exd4 23. Bd3 a5 24. Rg5 Kf8 25. h4 Ke7 26. Nc5 h6 27. Re5+ Kd6 28. Nxd7 Kxd7 29. c5 f6 30. Bf5+ Kc7 31. Re7+ Kd8 32. Rxg7 Ke8 33. Kg1 Kf8 34. Rc7 a4 35. Kf2 axb3 36. axb3 d3 37. Bxd3 f5 38. Kf3 h5 39. Kf4 Ke8 40. Kxf5 Kd8 41. Rh7 Ke8 42. Kf6 1-0